[Event "Wch U10"]
[White "Annapureddy, Rheyansh Reddy"]
[Black "Bolashakov, Nurali"]
[Site "Montesilvano"]
[Round "10"]
[Result "1/2-1/2"]
[Date "2024.11.25"]
[WhiteElo "2122"]
[BlackElo "2005"]
[PlyCount "58"]
[EventDate "2024.11.15"]
[EventType "swiss"]
[EventRounds "11"]
[EventCountry "ITA"]
[SourceTitle "CB48_2024"]
[SourceDate "2024.11.28"]
[SourceVersion "1"]
[SourceVersionDate "2024.11.28"]
[SourceQuality "1"]

1. e4 c6 2. d4 d5 3. exd5 cxd5 4. Bd3 Nc6 5. c3 Nf6 6. h3 Qc7 7. Nf3 g6 8. 0-0 Bf5 9. Re1 Bxd3 10. Qxd3 Bg7 11. Be3 0-0 12. Nbd2 a6 13. g3 b5 14. a3 Rfe8 15. Kg2 Qb7 16. Bg5 Nd7 17. Bf4 a5 18. Re2 b4 19. a4 Nd8 20. c4 Ne6 21. c5 Nxd4 22. Nxd4 Nxc5 23. Qe3 e5 24. N2f3 exf4 25. Qxe8+ Rxe8 26. Rxe8+ Bf8 27. Rc1 Qd7 28. Rxf8+ Kxf8 29. Rxc5 Qxa4 1/2-1/2

[Event "Wch U10"]
[White "Button Rabl, Jiban"]
[Black "Annapureddy, Rheyansh Reddy"]
[Site "Montesilvano"]
[Round "5"]
[Result "0-1"]
[Date "2024.11.19"]
[WhiteElo "1435"]
[BlackElo "2122"]
[PlyCount "70"]
[EventDate "2024.11.15"]
[EventType "swiss"]
[EventRounds "11"]
[EventCountry "ITA"]
[SourceTitle "CB48_2024"]
[SourceDate "2024.11.28"]
[SourceVersion "1"]
[SourceVersionDate "2024.11.28"]
[SourceQuality "1"]

1. e4 c5 2. Nf3 Nc6 3. d4 cxd4 4. Nxd4 g6 5. c4 Bg7 6. Be3 Qb6 7. Nb3 Qd8 8. Qd2 Nf6 9. Nc3 Ng4 10. Bf4 d6 11. f3 Nge5 12. Be2 a5 13. Be3 a4 14. Nd4 Na5 15. b3 axb3 16. axb3 Naxc4 17. Qc1 Rxa1 18. Qxa1 Nxe3 19. Kf2 Qb6 20. Qa8 0-0 21. Ncb5 Nc2 22. Rd1 Nxd4 23. Nxd4 Nc6 24. Qa4 Nxd4 25. Kf1 Nc2 26. Rd3 Ne3+ 27. Kf2 Ng4+ 28. Ke1 Qg1+ 29. Bf1 Qf2+ 30. Kd1 Qxf1+ 31. Kc2 Qe2+ 32. Kc1 Qb2+ 33. Kd1 Nf2+ 34. Ke1 Nxd3+ 35. Kf1 Qf2# 0-1

[Event "Titled Tuesday intern op 07th May Early"]
[White "Zalessky, Dmitry"]
[Black "Annapureddy, Rheyansh Reddy"]
[Site "Chess.com INT"]
[Round "3"]
[Result "1/2-1/2"]
[Date "2024.05.07"]
[WhiteElo "1917"]
[BlackElo "1986"]
[PlyCount "188"]
[EventDate "2024.05.07"]
[EventType "swiss (blitz)"]
[EventRounds "11"]
[EventCountry "USA"]
[SourceTitle "EXT 2025"]
[Source "ChessBase"]
[SourceDate "2024.10.14"]
[SourceVersion "1"]
[SourceVersionDate "2024.10.14"]
[SourceQuality "1"]

1. d4 Nf6 2. Nf3 g6 3. Nc3 d5 4. Bf4 Bg7 5. e3 0-0 6. h3 c5 7. Be2 Nc6 8. 0-0 cxd4 9. exd4 Re8 10. Ne5 Nd7 11. Nxd5 Ndxe5 12. dxe5 Nxe5 13. c4 e6 14. Nc3 Nc6 15. Qxd8 Rxd8 16. Rad1 Nd4 17. b3 Nxe2+ 18. Nxe2 Re8 19. c5 e5 20. Be3 f5 21. Nc3 f4 22. Bc1 Bf5 23. Nd5 Rac8 24. b4 Kf7 25. Rfe1 g5 26. Nc3 e4 27. Nb5 Rc6 28. Nd6+ Rxd6 29. cxd6 Rd8 30. Ba3 Rd7 31. b5 Bc3 32. Re2 Bf6 33. Rc2 f3 34. Rc7 h5 35. Bc5 b6 36. Be3 g4 37. hxg4 hxg4 38. g3 Be5 39. Bf4 Bxf4 40. gxf4 Ke6 41. Rxd7 Kxd7 42. a4 Be6 43. Rb1 Kxd6 44. Kh2 Bf5 45. Kg3 Kc5 46. Kh4 e3 47. Rc1+ Kd5 48. fxe3 Ke4 49. Kg3 Kxe3 50. Re1+ Kd4 51. Re7 Kc4 52. Rxa7 Bd3 53. Kf2 Kc5 54. Rc7+ Kb4 55. Re7 Kxa4 56. Re3 Bxb5 57. f5 Bc4 58. Re4 Kb5 59. Rxg4 Bd5 60. f6 Kc5 61. Rg5 Kd6 62. Rf5 Bf7 63. Rxf3 b5 64. Rd3+ Ke6 65. Rf3 b4 66. Ke3 b3 67. Kd2 Kd6 68. Kc1 Kd7 69. Kb2 Ke8 70. Re3+ Kf8 71. Re7 Kg8 72. Rb7 Kf8 73. Rb8+ Be8 74. Kxb3 Kf7 75. Rb6 Bd7 76. Kc3 Be6 77. Kd4 Kxf6 78. Ke4 Kf7 79. Ke5 Bc4 80. Rb7+ Kg8 81. Rc7 Bb3 82. Kf6 Kh8 83. Rc8+ Bg8 84. Rb8 Kh7 85. Kg5 Kh8 86. Rb6 Kh7 87. Rh6+ Kg7 88. Rg6+ Kh7 89. Rf6 Kg7 90. Rb6 Kh7 91. Rb7+ Kh8 92. Kf6 Bh7 93. Rb8+ Bg8 94. Rb3 Bxb3 1/2-1/2

[Event "Titled Tuesday intern op 30th Apr Early"]
[White "Annapureddy, Rheyansh Reddy"]
[Black "Bruedigam, Martin"]
[Site "Chess.com INT"]
[Round "4"]
[Result "0-1"]
[Date "2024.04.30"]
[WhiteElo "2008"]
[BlackElo "2372"]
[PlyCount "150"]
[EventDate "2024.04.30"]
[EventType "swiss (blitz)"]
[EventRounds "11"]
[EventCountry "USA"]
[SourceTitle "CBM 220 Extra"]
[Source "ChessBase"]
[SourceDate "2024.07.31"]
[SourceVersion "1"]
[SourceVersionDate "2024.07.31"]
[SourceQuality "1"]

1. e4 c5 2. Nf3 e6 3. d4 cxd4 4. Nxd4 Nc6 5. Nc3 Qc7 6. Be3 a6 7. f4 Bb4 8. Be2 Nf6 9. Bf3 d6 10. 0-0 Bc5 11. Qd2 0-0 12. Nxc6 Bxe3+ 13. Qxe3 bxc6 14. Rad1 Rb8 15. b3 d5 16. Kh1 a5 17. h3 Rd8 18. Ne2 Ba6 19. e5 Nd7 20. Rfe1 Bxe2 21. Qxe2 Re8 22. g4 a4 23. h4 axb3 24. axb3 Rb4 25. Qd2 c5 26. Rg1 Reb8 27. h5 c4 28. g5 cxb3 29. c3 Rc4 30. g6 Qd8 31. gxf7+ Kh8 32. Rg4 Qf8 33. h6 g6 34. Qh2 Qxf7 35. f5 Rxg4 36. Bxg4 gxf5 37. Bh5 Qe7 38. Qg3 Rg8 39. Qf4 Qg5 40. Qxg5 Rxg5 41. Bf7 Nxe5 42. Bxe6 Rh5+ 43. Kg2 Rxh6 44. Bxf5 b2 45. Rxd5 Nc4 46. Rd8+ Kg7 47. Bd3 Rb6 48. Rd4 Ne5 49. Bb1 Kf6 50. Kf2 h5 51. Ke2 Kg5 52. Rd5 Kf4 53. Rd4+ Kg3 54. Re4 Ng4 55. Kd2 h4 56. Re1 h3 57. Kc2 h2 58. c4 Nf2 59. c5 Rc6 60. Kxb2 Rxc5 61. Re3+ Kf4 62. Re2 h1Q 63. Rxf2+ Kg3 64. Rc2 Rxc2+ 65. Bxc2 Kf4 66. Kc3 Qg1 67. Bd3 Ke5 68. Kc2 Qd4 69. Be2 Kf4 70. Bd1 Ke3 71. Bh5 Qc4+ 72. Kb1 Kd2 73. Bg6 Qb4+ 74. Ka1 Kc3 75. Bc2 Qb2# 0-1

[Event "Titled Tuesday intern op 30th Apr Early"]
[White "Annapureddy, Rheyansh Reddy"]
[Black "Sharapov, Evgeny"]
[Site "Chess.com INT"]
[Round "1"]
[Result "1/2-1/2"]
[Date "2024.04.30"]
[WhiteElo "2008"]
[BlackElo "2375"]
[PlyCount "183"]
[EventDate "2024.04.30"]
[EventType "swiss (blitz)"]
[EventRounds "11"]
[EventCountry "USA"]
[SourceTitle "CBM 220 Extra"]
[Source "ChessBase"]
[SourceDate "2024.07.31"]
[SourceVersion "1"]
[SourceVersionDate "2024.07.31"]
[SourceQuality "1"]

1. e4 c5 2. Nf3 d6 3. d4 cxd4 4. Nxd4 Nf6 5. Nc3 Nc6 6. Be3 Ng4 7. Nxc6 bxc6 8. Bf4 g6 9. Qd2 Bg7 10. h3 Ne5 11. Be2 0-0 12. 0-0 Rb8 13. Rab1 Be6 14. Be3 Nc4 15. Bxc4 Bxc4 16. Rfe1 a5 17. Bd4 e5 18. Be3 Qc7 19. Red1 Rfd8 20. Bh6 Be6 21. Bxg7 Kxg7 22. Qe3 d5 23. Ne2 d4 24. Qa3 c5 25. b3 c4 26. Qc1 Rdc8 27. f4 Qb6 28. bxc4 Qxb1 29. Qxb1 Rxb1 30. Rxb1 Bxc4 31. Nc1 exf4 32. Rb2 Kf6 33. Kf2 Ke5 34. Kf3 g5 35. Nd3+ Bxd3 36. cxd3 Rc3 37. Rb5+ Kf6 38. Rf5+ Kg6 39. Rxa5 Rxd3+ 40. Kf2 Re3 41. e5 d3 42. a4 Re4 43. Rd5 Rxa4 44. Rxd3 Re4 45. Rd5 h6 46. Rd6+ Kg7 47. Rd5 Re3 48. Rc5 Kg6 49. Rc6+ Kg7 50. Rc5 Ra3 51. Rb5 Ra2+ 52. Kf3 Ra3+ 53. Kf2 Ra6 54. Kf3 Kg6 55. Rb7 Ra3+ 56. Kf2 Re3 57. Rb5 Kf5 58. e6+ Kxe6 59. Rb6+ Kf5 60. Rxh6 f6 61. Rh8 Ra3 62. Re8 Ra2+ 63. Kf3 Ra3+ 64. Kf2 Kg6 65. Rd8 Ra6 66. Rc8 f5 67. Rg8+ Kf6 68. Rf8+ Ke5 69. Re8+ Re6 70. Ra8 g4 71. hxg4 fxg4 72. Rg8 Kf5 73. Rf8+ Rf6 74. Ra8 Re6 75. Rf8+ Ke4 76. Ra8 g3+ 77. Ke2 Kf5+ 78. Kf1 Rb6 79. Rf8+ Ke4 80. Re8+ Kd4 81. Ke2 Rb2+ 82. Kf3 Rf2+ 83. Kg4 Kd3 84. Rf8 Ke3 85. Re8+ Kd2 86. Rf8 Rxg2 87. Rxf4 Ke2 88. Re4+ Kf2 89. Rf4+ Kg1 90. Kh3 Rf2 91. Kxg3 Rxf4 92. Kxf4 1/2-1/2

[Event "AUS-ch"]
[White "Annapureddy, Rheyansh Reddy"]
[Black "Rice, Leah"]
[Site "Adelaide"]
[Round "3"]
[Result "1-0"]
[Date "2024.01.03"]
[WhiteElo "1866"]
[BlackElo "1525"]
[PlyCount "95"]
[EventDate "2024.01.02"]
[EventType "swiss"]
[EventRounds "11"]
[EventCountry "AUS"]
[SourceTitle "CBM 218 Extra"]
[Source "ChessBase"]
[SourceDate "2024.03.31"]
[SourceVersion "1"]
[SourceVersionDate "2024.03.31"]
[SourceQuality "1"]

1. e4 c6 2. d4 d5 3. exd5 cxd5 4. Bd3 Nc6 5. c3 Nf6 6. h3 e6 7. Nf3 Bd6 8. 0-0 h6 9. Re1 Qc7 10. Qe2 0-0 11. Ne5 Bxe5 12. dxe5 Nd7 13. f4 Nc5 14. Bb5 a6 15. Be3 b6 16. Bxc5 bxc5 17. Bxc6 Qxc6 18. Nd2 a5 19. Qf2 a4 20. b4 cxb4 21. cxb4 a3 22. Rec1 Qa4 23. Rab1 Ba6 24. Rc3 Rab8 25. Qd4 Rfc8 26. Rg3 Bc4 27. f5 exf5 28. e6 g5 29. Qf6 Qa7+ 30. Kh2 Kh7 31. e7 Rg8 32. Qxf7+ Rg7 33. Qxf5+ Rg6 34. Nxc4 dxc4 35. Re1 Qa4 36. Qf7+ Rg7 37. e8Q Rxe8 38. Qxe8 Qxb4 39. Qe4+ Kh8 40. Qc6 Qxe1 41. Qxh6+ Kg8 42. Rxg5 Qe7 43. Rh5 Rh7 44. Qg5+ Kf8 45. Qf5+ Qf7 46. Qc8+ Kg7 47. Rg5+ Kh6 48. Qg4 1-0

[Event "Wch U08"]
[White "Banerjee, Supratit"]
[Black "Annapureddy, Rheyansh Reddy"]
[Site "Batumi"]
[Round "8"]
[Result "0-1"]
[Date "2022.09.24"]
[WhiteElo "1484"]
[BlackElo "1698"]
[PlyCount "112"]
[EventDate "2022.09.16"]
[EventType "swiss"]
[EventRounds "11"]
[EventCountry "GEO"]
[SourceTitle "EXT 2023"]
[Source "ChessBase"]
[SourceDate "2022.10.05"]
[SourceVersion "1"]
[SourceVersionDate "2022.10.05"]
[SourceQuality "1"]

1. e4 c5 2. c3 d5 3. exd5 Qxd5 4. d4 cxd4 5. cxd4 Nc6 6. Nf3 e6 7. Nc3 Bb4 8. Bd2 Qd8 9. a3 Ba5 10. Bb5 Nge7 11. 0-0 0-0 12. Bd3 h6 13. Be3 Bc7 14. Qd2 f5 15. Kh1 f4 16. Bxf4 Bxf4 17. Qc2 Nd5 18. Rad1 Nxc3 19. bxc3 Bd6 20. Bc4 Qf6 21. Bb3 Kh8 22. Ba2 e5 23. Bb1 Bf5 24. Qxf5 Qxf5 25. Bxf5 Rxf5 26. Nh4 Rf6 27. g3 exd4 28. cxd4 Bxa3 29. d5 Ne5 30. f4 Nc4 31. Rf3 Bd6 32. Rc3 b5 33. Nf3 Re8 34. Nd4 a6 35. Ra1 Ba3 36. Raxa3 Nxa3 37. Rxa3 Rd6 38. Nf3 b4 39. Rd3 Red8 40. Ne5 Rxd5 41. Rb3 Rb8 42. Nc6 Rb6 43. Ne5 a5 44. g4 a4 45. Re3 Rxe5 46. fxe5 b3 47. e6 b2 48. e7 b1Q+ 49. Kg2 Rb2+ 50. Kf3 Qf1+ 51. Ke4 Rb4+ 52. Ke5 Qf6+ 53. Kd5 Rd4+ 54. Kc5 Qd6+ 55. Kb5 Rb4+ 56. Ka5 Qb6# 0-1